[Event "POL-chT3 Kujawsko Pomorskie 1617"]
[Site "Poland"]
[Date "2016.??.??"]
[Round "2.11"]
[White "Wargulec, Dariusz"]
[Black "Zolnierowicz, Krzysztof"]
[Result "0-1"]
[WhiteElo "1934"]
[BlackElo "2025"]
[PlyCount "72"]
[EventDate "2016.11.06"]
[EventType "team-tourn"]
[EventRounds "9"]
[EventCountry "POL"]
[SourceTitle "EXT 2018"]
[Source "ChessBase"]
[SourceDate "2017.10.13"]
[SourceVersion "1"]
[SourceVersionDate "2017.10.13"]
[SourceQuality "1"]

1. d4 c5 2. d5 e6 3. c4 exd5 4. cxd5 d6 5. Nc3 a6 6. a4 g6 7. e4 Bg7 8. Nf3 Nh6 9. Bd3 0-0 10. 0-0 Nd7 11. Bg5 f6 12. Be3 Ng4 13. Bf4 Qe7 14. Qd2 Nde5 15. Nxe5 Nxe5 16. Rae1 Bd7 17. a5 Qd8 18. Ra1 b5 19. axb6 Qxb6 20. Be2 f5 21. f3 Nf7 22. Rfb1 h6 23. Be3 a5 24. Bd1 g5 25. Ba4 Ne5 26. Bxd7 Nc4 27. Qe2 Nxe3 28. exf5 Nxf5 29. Bxf5 Rxf5 30. Kh1 Raf8 31. Qe6+ Kh7 32. Ne4 Qb3 33. Qxd6 Rxd5 34. Qe7 Kh8 35. Re1 g4 36. Nxc5 Qc4 0-1

[Event "POL-chT3 Kujawsko Pomorskie 1213"]
[Site "Poland"]
[Date "2013.03.10"]
[Round "10.2"]
[White "Wargulec, Dariusz"]
[Black "Cichocki, Konrad"]
[Result "1-0"]
[WhiteElo "1988"]
[BlackElo "1979"]
[PlyCount "55"]
[EventDate "2012.11.04"]
[EventType "team-tourn"]
[EventRounds "11"]
[EventCountry "POL"]
[SourceTitle "EXT 2015"]
[Source "ChessBase"]
[SourceDate "2014.11.20"]
[SourceVersion "1"]
[SourceVersionDate "2014.11.20"]
[SourceQuality "1"]
[WhiteTeam "Szubin Szachowa Dwojka"]
[BlackTeam "Wloclawek 1938"]
[WhiteTeamCountry "POL"]
[BlackTeamCountry "POL"]

1. d4 d5 2. c4 e6 3. Nc3 Nf6 4. Nf3 Be7 5. Bg5 h6 6. Bxf6 Bxf6 7. e3 0-0 8. Qd2 c5 9. Be2 cxd4 10. exd4 dxc4 11. Bxc4 Nc6 12. 0-0-0 Na5 13. Bd3 Qc7 14. h4 Rb8 15. g4 b5 16. Kb1 Nc4 17. Qe2 Bb7 18. g5 Qf4 19. Ne4 Be7 20. gxh6 Qxh6 21. Rdg1 Qf4 22. Ka1 Nd6 23. Nfd2 f5 24. Nc5 Bxh1 25. Nxe6 Qh6 26. Rxg7+ Qxg7 27. Nxg7 Bd5 28. Qxe7 1-0

[Event "POL-chT3 Kujawsko Pomorskie 1213"]
[Site "Poland"]
[Date "2013.01.13"]
[Round "6.12"]
[White "Studzinski, Tadeusz"]
[Black "Wargulec, Dariusz"]
[Result "0-1"]
[WhiteElo "1973"]
[BlackElo "1988"]
[PlyCount "62"]
[EventDate "2012.11.04"]
[EventType "team-tourn"]
[EventRounds "11"]
[EventCountry "POL"]
[SourceTitle "EXT 2015"]
[Source "ChessBase"]
[SourceDate "2014.11.20"]
[SourceVersion "1"]
[SourceVersionDate "2014.11.20"]
[SourceQuality "1"]
[WhiteTeam "Chojnice UKS Osemka"]
[BlackTeam "Szubin Szachowa Dwojka"]
[WhiteTeamCountry "POL"]
[BlackTeamCountry "POL"]

1. e4 d5 2. exd5 Qxd5 3. Nc3 Qa5 4. d4 Nf6 5. Nf3 c6 6. Bd2 Qc7 7. Bd3 Bg4 8. h3 Bh5 9. Qe2 Nbd7 10. 0-0-0 e6 11. g4 Bg6 12. Bg5 Bxd3 13. Rxd3 0-0-0 14. Rhd1 Nb6 15. Ne5 Bd6 16. Ne4 Bxe5 17. dxe5 Rxd3 18. Rxd3 Nxe4 19. Qxe4 Nd7 20. Re3 h6 21. Be7 Nxe5 22. Qxe5 Qxe7 23. Qxg7 Rd8 24. Qxh6 Qb4 25. Re2 Qc4 26. Qe3 Qxa2 27. Qa3 Qd5 28. Qd3 Qh1+ 29. Kd2 Rxd3+ 30. cxd3 Qxh3 31. Re4 Qf3 0-1

[Event "POL-chT3 Kujawsko Pomorskie 1213"]
[Site "Poland"]
[Date "2013.01.06"]
[Round "5.17"]
[White "Wargulec, Dariusz"]
[Black "Kubicki, Marek"]
[Result "0-1"]
[WhiteElo "1988"]
[BlackElo "2163"]
[PlyCount "108"]
[EventDate "2012.11.04"]
[EventType "team-tourn"]
[EventRounds "11"]
[EventCountry "POL"]
[SourceTitle "EXT 2015"]
[Source "ChessBase"]
[SourceDate "2014.11.20"]
[SourceVersion "1"]
[SourceVersionDate "2014.11.20"]
[SourceQuality "1"]
[WhiteTeam "Szubin Szachowa Dwojka"]
[BlackTeam "Swiecie Gambit"]
[WhiteTeamCountry "POL"]
[BlackTeamCountry "POL"]

1. d4 d5 2. c4 e6 3. Nc3 Nf6 4. Bg5 c6 5. Nf3 Nbd7 6. a3 dxc4 7. e4 b5 8. d5 cxd5 9. exd5 exd5 10. Nxd5 Be7 11. Nxe7 Qxe7+ 12. Be2 0-0 13. 0-0 Bb7 14. Re1 Qc5 15. Bf4 Nd5 16. Bg3 N7f6 17. Qc2 Rfe8 18. Bf1 a6 19. Be5 Rad8 20. b3 c3 21. b4 Qc6 22. Nd4 Qb6 23. Nb3 Ng4 24. Bg3 Qf6 25. Nc5 Bc8 26. Bd3 g6 27. h3 Ne5 28. Be4 Bf5 29. Bxf5 gxf5 30. Bxe5 Rxe5 31. Rxe5 Qxe5 32. Rd1 Re8 33. Nd7 Qe4 34. Qb3 c2 35. Rc1 Qc4 36. Qxc4 bxc4 37. Rxc2 Re1+ 38. Kh2 c3 39. Nc5 Ra1 40. a4 Ra3 41. Nxa6 Rxa4 42. Nc7 Nxc7 43. Rxc3 Ne6 44. Rb3 Ra6 45. g4 fxg4 46. hxg4 Rb6 47. Kg3 Nd4 48. Rb2 Nc6 49. f4 Rxb4 50. Ra2 Kg7 51. g5 Nd4 52. Kg4 Ne6 53. Rf2 Kg6 54. Rf1 Nxg5 0-1

[Event "POL-chT3 Kujawsko Pomorskie 1213"]
[Site "Poland"]
[Date "2012.11.18"]
[Round "2.22"]
[White "Zebracki, Tomasz"]
[Black "Wargulec, Dariusz"]
[Result "1-0"]
[WhiteElo "1951"]
[BlackElo "1988"]
[PlyCount "103"]
[EventDate "2012.11.04"]
[EventType "team-tourn"]
[EventRounds "11"]
[EventCountry "POL"]
[SourceTitle "EXT 2015"]
[Source "ChessBase"]
[SourceDate "2014.11.20"]
[SourceVersion "1"]
[SourceVersionDate "2014.11.20"]
[SourceQuality "1"]
[WhiteTeam "Bydgoszcz UKS MDK nr 5"]
[BlackTeam "Szubin Szachowa Dwojka"]
[WhiteTeamCountry "POL"]
[BlackTeamCountry "POL"]

1. d4 d5 2. Nc3 Nf6 3. Bg5 Nbd7 4. Nf3 c6 5. Qd3 g6 6. 0-0-0 Bg7 7. e4 dxe4 8. Nxe4 0-0 9. h4 h6 10. Nxf6+ Nxf6 11. Bxf6 Bxf6 12. Qe3 Kg7 13. Bd3 Bg4 14. c3 Qd5 15. c4 Qd7 16. Bc2 Qe6 17. Qf4 Bf5 18. d5 cxd5 19. Nd4 Bxd4 20. Qxd4+ Qf6 21. Bxf5 Qxd4 22. Rxd4 gxf5 23. Rxd5 e6 24. Rd4 Rac8 25. b3 b5 26. Kb2 bxc4 27. Rxc4 Rxc4 28. bxc4 Kf6 29. Kc3 Rg8 30. g3 Ke5 31. Rd1 f4 32. gxf4+ Kxf4 33. Rd7 f5 34. Rxa7 e5 35. c5 Kf3 36. Re7 e4 37. Kc4 Rg2 38. c6 Rxf2 39. a4 Rc2+ 40. Kb5 Rb2+ 41. Ka6 Ke3 42. c7 Rc2 43. Kb7 f4 44. c8Q Rxc8 45. Kxc8 f3 46. a5 f2 47. Rf7 Ke2 48. a6 f1Q 49. Rxf1 Kxf1 50. a7 e3 51. a8Q e2 52. Qf3+ 1-0

[Event "POL-chT4 Kujawsko Pomorskie 1112"]
[Site "Poland"]
[Date "2011.11.06"]
[Round "1.11"]
[White "Wargulec, Dariusz"]
[Black "Szulgacz, Maciej"]
[Result "0-1"]
[WhiteElo "1981"]
[BlackElo "1715"]
[PlyCount "80"]
[EventDate "2011.11.06"]
[EventType "team-swiss"]
[EventRounds "10"]
[EventCountry "POL"]
[SourceTitle "EXT 2019"]
[Source "ChessBase"]
[SourceDate "2018.10.10"]
[SourceVersion "1"]
[SourceVersionDate "2018.10.10"]
[SourceQuality "1"]

1. d4 d6 2. c4 Nf6 3. Nc3 g6 4. e4 Bg7 5. f4 0-0 6. Nf3 Nbd7 7. Bd3 c6 8. e5 Ne8 9. Be3 Nb6 10. Qc2 f6 11. 0-0-0 Bg4 12. h4 f5 13. Rdg1 e6 14. exd6 Nd7 15. c5 b6 16. Ng5 Qf6 17. Bc4 Kh8 18. Nxe6 Nxd6 19. Nxf8 Nxc4 20. Nxd7 Qe7 21. Ne5 Bxe5 22. fxe5 Nxe3 23. Qd3 Nd5 24. Nxd5 cxd5 25. cxb6 axb6 26. Kb1 f4 27. Rc1 Bf5 28. Qxf5 gxf5 29. a3 b5 30. Rc5 Qd7 31. Rhc1 Ra7 32. h5 b4 33. h6 Kg8 34. axb4 Qa4 35. Rc8+ Kf7 36. R1c6 Qd1+ 37. Rc1 Qxd4 38. e6+ Kxe6 39. R1c6+ Kf7 40. b5 Qd3+ 0-1

[Event "POL-chT4 Kujawsko Pomorskie 1011"]
[Site "Poland"]
[Date "2011.04.10"]
[Round "10.16"]
[White "Wierzbicki, Slawomir"]
[Black "Wargulec, Dariusz"]
[Result "0-1"]
[WhiteElo "1988"]
[BlackElo "1934"]
[PlyCount "76"]
[EventDate "2010.11.07"]
[EventType "team-swiss"]
[EventRounds "10"]
[EventCountry "POL"]
[SourceTitle "EXT 2019"]
[Source "ChessBase"]
[SourceDate "2018.10.10"]
[SourceVersion "1"]
[SourceVersionDate "2018.10.10"]
[SourceQuality "1"]

1. e4 c5 2. Nf3 Nc6 3. Nc3 e6 4. d4 cxd4 5. Nxd4 a6 6. Be3 Qc7 7. Be2 Nf6 8. 0-0 b5 9. a3 Bb7 10. f4 Bc5 11. Nf5 Ne7 12. Nd4 Nxe4 13. Kh1 Nxc3 14. bxc3 Nd5 15. Bd2 Qb6 16. Bf3 Bxd4 17. cxd4 Qxd4 18. Qe2 Rc8 19. Bxd5 Bxd5 20. Bb4 Qe4 21. Qxe4 Bxe4 22. c3 Rc4 23. Kg1 f5 24. g3 Kf7 25. a4 Bc6 26. axb5 Bxb5 27. Rfd1 d5 28. Rd4 h5 29. Rxc4 Bxc4 30. h4 Rb8 31. Kf2 d4 32. Rd1 d3 33. Ke3 Rd8 34. Kd2 Rd5 35. Ra1 e5 36. fxe5 Rxe5 37. Re1 Re2+ 38. Kd1 Bb3+ 0-1

[Event "POL-chT4 Kujawsko Pomorskie 1011"]
[Site "Poland"]
[Date "2011.03.13"]
[Round "8.21"]
[White "Wargulec, Dariusz"]
[Black "Kaczmarczyk, Pawel"]
[Result "1-0"]
[WhiteElo "1934"]
[BlackElo "1615"]
[PlyCount "137"]
[EventDate "2010.11.07"]
[EventType "team-swiss"]
[EventRounds "10"]
[EventCountry "POL"]
[SourceTitle "EXT 2019"]
[Source "ChessBase"]
[SourceDate "2018.10.10"]
[SourceVersion "1"]
[SourceVersionDate "2018.10.10"]
[SourceQuality "1"]

1. d4 d5 2. c4 dxc4 3. e3 e6 4. Bxc4 a6 5. a4 Nf6 6. Nf3 Be7 7. 0-0 0-0 8. Nc3 c5 9. Qe2 Qc7 10. b3 Nc6 11. Bb2 Bd7 12. d5 exd5 13. Nxd5 Nxd5 14. Bxd5 Bg4 15. Qc4 Bxf3 16. Bxf3 Bd6 17. Qh4 Be5 18. Rab1 Bxb2 19. Rxb2 Rfd8 20. Rc1 Ne5 21. Be4 g6 22. Qg3 Qe7 23. Bxb7 Nd3 24. Bxa8 Nxc1 25. Bf3 Qf6 26. Qc7 Rd3 27. Rc2 Qa1 28. h4 Nxb3+ 29. Kh2 Qxa4 30. Qb8+ Kg7 31. Qe5+ Kg8 32. Kg3 Qd7 33. Rb2 c4 34. Be2 Qd6 35. Qxd6 Rxd6 36. Bxc4 Nc5 37. Ra2 Kg7 38. f3 h6 39. Ra5 Rc6 40. Bd5 Rc7 41. e4 Kf6 42. f4 Ke7 43. Kg4 Kd6 44. f5 Re7 45. Kf4 Re5 46. g4 g5+ 47. hxg5 hxg5+ 48. Ke3 Rxd5 49. exd5 Kxd5 50. Ra1 f6 51. Rd1+ Ke5 52. Rd8 a5 53. Rc8 Kd5 54. Re8 a4 55. Ra8 Ke5 56. Ra5 Kd5 57. Ra8 Ke5 58. Rf8 Nd7 59. Rc8 Nb6 60. Rc5+ Kd6 61. Kd4 Nd7 62. Ra5 Ne5 63. Ra6+ Ke7 64. Kd5 Nxg4 65. Ra7+ Kf8 66. Ke6 Kg8 67. Rxa4 Nf2 68. Kxf6 g4 69. Kg6 1-0

[Event "POL-chT4 Kujawsko Pomorskie 1011"]
[Site "Poland"]
[Date "2010.11.07"]
[Round "1.11"]
[White "Bieluszewski, Robert"]
[Black "Wargulec, Dariusz"]
[Result "1-0"]
[WhiteElo "2023"]
[BlackElo "1934"]
[PlyCount "81"]
[EventDate "2010.11.07"]
[EventType "team-swiss"]
[EventRounds "10"]
[EventCountry "POL"]
[SourceTitle "EXT 2019"]
[Source "ChessBase"]
[SourceDate "2018.10.10"]
[SourceVersion "1"]
[SourceVersionDate "2018.10.10"]
[SourceQuality "1"]

1. c4 c6 2. e4 d5 3. cxd5 cxd5 4. exd5 Nf6 5. Nf3 Nxd5 6. Nc3 Nc6 7. d4 e6 8. Bd3 Nf6 9. 0-0 Be7 10. Be3 0-0 11. Rc1 Nb4 12. Bb1 Bd7 13. Ne5 Nbd5 14. Ne4 Nxe4 15. Bxe4 f6 16. Qh5 f5 17. Bxd5 exd5 18. Bd2 Bd6 19. Rfe1 f4 20. Nxd7 Qxd7 21. Qxd5+ Kh8 22. f3 Rad8 23. Re4 Qa4 24. Qc4 Qd7 25. Bc3 Qf5 26. Rce1 h5 27. Qe6 Qg5 28. a3 Rf6 29. Qh3 Qg6 30. Kh1 Rf5 31. Re6 Qf7 32. Qh4 Rd7 33. Qf2 b6 34. Qc2 h4 35. d5 Rxd5 36. Rh6+ Kg8 37. Qh7+ Kf8 38. Qh8+ Qg8 39. Re8+ Kxe8 40. Qxg8+ Bf8 41. Re6+ 1-0

[Event "POL-chT3 Kujawsko Pomorskie 0910"]
[Site "Poland"]
[Date "2010.02.07"]
[Round "7.13"]
[White "Wargulec, Dariusz"]
[Black "Bassa, Jaroslaw"]
[Result "1-0"]
[WhiteElo "1953"]
[BlackElo "1735"]
[PlyCount "89"]
[EventDate "2009.11.08"]
[EventType "team-tourn"]
[EventRounds "11"]
[EventCountry "POL"]
[SourceTitle "EXT 2020"]
[Source "ChessBase"]
[SourceDate "2019.10.17"]
[SourceVersion "1"]
[SourceVersionDate "2019.10.17"]
[SourceQuality "1"]

1. d4 d5 2. c4 e6 3. Nc3 Nf6 4. Bg5 Nbd7 5. e3 Be7 6. Nf3 c6 7. Rc1 0-0 8. Bd3 dxc4 9. Bxc4 b5 10. Bd3 Bb7 11. 0-0 a6 12. Bb1 h6 13. Bh4 Nh7 14. Qc2 g6 15. Bg3 c5 16. Ne5 Nxe5 17. dxe5 Qc7 18. h4 h5 19. Ne2 Rfd8 20. Nf4 Nf8 21. Rfd1 Kg7 22. Qe2 Qc6 23. e4 Rxd1+ 24. Rxd1 c4 25. Nh3 b4 26. Rc1 Rc8 27. f4 Qb5 28. f5 Bc5+ 29. Kh1 c3 30. Bd3 cxb2 31. Rf1 Qd7 32. Ng5 Kg8 33. fxg6 fxg6 34. Rf7 Be7 35. Qf3 Rc1+ 36. Kh2 Qe8 37. Bf2 b1Q 38. Bxb1 Rxb1 39. Bc5 Bxe4 40. Qxe4 Bxc5 41. Qb7 Nd7 42. Rxd7 Be3 43. Rg7+ Kh8 44. Rh7+ Kg8 45. Qg7# 1-0

[Event "POL-chT3 Kujawsko Pomorskie 0910"]
[Site "Poland"]
[Date "2009.12.20"]
[Round "4.1"]
[White "Maciejewski, Andrzej"]
[Black "Wargulec, Dariusz"]
[Result "1-0"]
[WhiteElo "2347"]
[BlackElo "1953"]
[PlyCount "111"]
[EventDate "2009.11.08"]
[EventType "team-tourn"]
[EventRounds "11"]
[EventCountry "POL"]
[SourceTitle "EXT 2020"]
[Source "ChessBase"]
[SourceDate "2019.10.17"]
[SourceVersion "1"]
[SourceVersionDate "2019.10.17"]
[SourceQuality "1"]

1. e4 c5 2. c3 d5 3. exd5 Qxd5 4. d4 e5 5. dxe5 Qxe5+ 6. Be3 Nf6 7. Nf3 Qc7 8. Bb5+ Bd7 9. Qb3 Bxb5 10. Qxb5+ Nbd7 11. Nbd2 a6 12. Qb3 Be7 13. a4 0-0 14. 0-0 Rfe8 15. Rad1 Ng4 16. Rfe1 Bf6 17. Nc4 Nxe3 18. Rxe3 Nf8 19. Nb6 Rad8 20. Nd5 Qc6 21. Rxe8 Rxe8 22. Nxf6+ gxf6 23. h3 Re4 24. c4 Ne6 25. Qc2 Nd4 26. Nxd4 Rxd4 27. Re1 Qd7 28. Re3 f5 29. Qe2 Re4 30. Rxe4 fxe4 31. Qxe4 Qd1+ 32. Kh2 Qxa4 33. Qg4+ Kf8 34. Qc8+ Kg7 35. Qxc5 Qb3 36. Qd4+ Kg8 37. h4 Qb4 38. g3 Qe7 39. b3 Qe6 40. b4 Qe7 41. b5 axb5 42. cxb5 Qe6 43. Qc5 h6 44. Qd4 Kf8 45. Kg2 Ke7 46. g4 b6 47. Kf3 Kf8 48. Kf4 f6 49. f3 Kf7 50. h5 Kf8 51. Qb4+ Kf7 52. Kg3 Qe5+ 53. Kh3 Qe6 54. Qb1 Qe2 55. Qg6+ Ke6 56. Qe8+ 1-0

[Event "POL-chT3 Kujawsko Pomorskie 0910"]
[Site "Poland"]
[Date "2009.11.22"]
[Round "2.31"]
[White "Wargulec, Dariusz"]
[Black "Bokiej, Przemyslaw"]
[Result "0-1"]
[WhiteElo "1953"]
[BlackElo "2069"]
[PlyCount "96"]
[EventDate "2009.11.08"]
[EventType "team-tourn"]
[EventRounds "11"]
[EventCountry "POL"]
[SourceTitle "EXT 2020"]
[Source "ChessBase"]
[SourceDate "2019.10.17"]
[SourceVersion "1"]
[SourceVersionDate "2019.10.17"]
[SourceQuality "1"]

1. d4 e6 2. c4 b6 3. Nc3 Bb7 4. e4 Bb4 5. Bd3 f5 6. Qc2 Qh4 7. g3 Qe7 8. f3 Nc6 9. Nge2 fxe4 10. fxe4 e5 11. Be3 exd4 12. Nxd4 Nxd4 13. Bxd4 0-0-0 14. 0-0-0 Bc5 15. Bxc5 Qxc5 16. Nd5 Bxd5 17. cxd5 Qxc2+ 18. Kxc2 d6 19. a4 Nf6 20. h3 Nd7 21. a5 Ne5 22. axb6 cxb6 23. Ba6+ Kb8 24. Kb3 Rhf8 25. Rc1 Nd7 26. Ka4 Nc5+ 27. Kb5 Nxe4 28. Rc4 Nf6 29. Rd1 Rfe8 30. g4 Re5 31. Kc6 Re7 32. g5 Ne8 33. Ra4 Rc7+ 34. Kb5 Rc5+ 35. Kb4 Nc7 36. Be2 Nxd5+ 37. Kb3 Re8 38. Ba6 Re3+ 39. Ka2 Rxh3 40. Rf1 b5 41. Re4 Kc7 42. Rf8 Kb6 43. Bc8 Rg3 44. Be6 a5 45. Rb8+ Ka7 46. Rd8 Nb4+ 47. Rxb4 axb4 48. Rxd6 Rcxg5 0-1

[Event "POL-chT4 Kujawsko Pomorskie 0809"]
[Site "Poland"]
[Date "2008.11.09"]
[Round "1.20"]
[White "Bokiej, Przemyslaw"]
[Black "Wargulec, Dariusz"]
[Result "0-1"]
[WhiteElo "2079"]
[BlackElo "1910"]
[PlyCount "104"]
[EventDate "2008.11.09"]
[EventType "team-tourn"]
[EventRounds "9"]
[EventCountry "POL"]
[SourceTitle "EXT 2019"]
[Source "ChessBase"]
[SourceDate "2018.10.10"]
[SourceVersion "1"]
[SourceVersionDate "2018.10.10"]
[SourceQuality "1"]

1. e4 c5 2. Nf3 e6 3. d3 Nc6 4. g3 Nge7 5. Bg2 Ng6 6. 0-0 Be7 7. h4 d6 8. c3 e5 9. h5 Nf8 10. d4 cxd4 11. cxd4 Bg4 12. h6 gxh6 13. Qa4 Bxf3 14. Bxf3 exd4 15. Bxh6 Nd7 16. Bg7 Rg8 17. Bxd4 Nxd4 18. Qxd4 Ne5 19. Be2 Qd7 20. Kg2 Nc6 21. Qd2 Bf6 22. Nc3 Bxc3 23. bxc3 0-0-0 24. Rh1 f5 25. exf5 Qxf5 26. Rh5 Qf7 27. Rah1 Rdf8 28. Bd1 Rg7 29. R1h4 Ne5 30. f4 Qg6 31. Qe1 Nd3 32. Qe3 Re8 33. f5 Qxh5 34. Rc4+ Kb8 35. Qxd3 Qh6 36. Bf3 Re1 37. Kf2 Rge7 38. Re4 R1xe4 39. Bxe4 Qf6 40. c4 Qe5 41. Kf3 Rg7 42. Kf2 Kc7 43. a4 Rg4 44. Bd5 h5 45. Qf3 Rg5 46. Be6 h4 47. g4 Qd4+ 48. Qe3 Qxg4 49. Ke1 h3 50. f6 Qh4+ 51. Kd2 Rg2+ 52. Kd3 Rg3 0-1

[Event "POL-chT Region 0607"]
[Site "Poland"]
[Date "2007.04.01"]
[Round "11"]
[White "Wargulec, Dariusz"]
[Black "Radziejewski, Tomasz"]
[Result "1-0"]
[WhiteElo "2000"]
[BlackElo "1800"]
[PlyCount "63"]
[EventDate "2006.11.12"]
[EventType "team"]
[EventRounds "11"]
[EventCountry "POL"]
[SourceTitle "EXT 2008"]
[Source "ChessBase"]
[SourceDate "2007.11.25"]
[SourceVersion "1"]
[SourceVersionDate "2007.11.25"]
[SourceQuality "1"]

1. Nf3 d6 2. d4 g6 3. c4 Bg7 4. Nc3 Bg4 5. e3 Nc6 6. Be2 e5 7. d5 Nce7 8. Qb3 b6 9. a4 a5 10. h3 Bxf3 11. Bxf3 f5 12. e4 Nf6 13. 0-0 0-0 14. exf5 Nxf5 15. Nb5 Nd7 16. Qc2 Rf7 17. Ra3 Nc5 18. Bd2 Qh4 19. Qc1 Nd4 20. Nxd4 Qxd4 21. Be3 Qh4 22. Bg5 Qd4 23. Rd1 e4 24. Rxd4 Bxd4 25. Qd2 Nd3 26. Rxd3 exd3 27. Qxd3 Bxb2 28. Bg4 Rff8 29. Be6+ Kh8 30. Be3 Rf6 31. Qd2 Ba3 32. Bd4 1-0

[Event "POL-chT Region 0607"]
[Site "Poland"]
[Date "2006.12.10"]
[Round "4"]
[White "Wargulec, Dariusz"]
[Black "Marchlewicz, Kamil"]
[Result "1/2-1/2"]
[WhiteElo "2000"]
[BlackElo "1975"]
[PlyCount "46"]
[EventDate "2006.11.12"]
[EventType "team"]
[EventRounds "11"]
[EventCountry "POL"]
[SourceTitle "EXT 2008"]
[Source "ChessBase"]
[SourceDate "2007.11.25"]
[SourceVersion "1"]
[SourceVersionDate "2007.11.25"]
[SourceQuality "1"]

1. d4 d5 2. c4 c6 3. Nc3 Nf6 4. e3 g6 5. Bd2 Bg7 6. Bd3 0-0 7. Nge2 Nbd7 8. cxd5 cxd5 9. 0-0 e5 10. dxe5 Nxe5 11. Bc2 Be6 12. Nb5 Ne4 13. Bxe4 dxe4 14. Bc3 Qg5 15. Bxe5 Bxe5 16. Nbd4 Bg4 17. Qe1 Rad8 18. Ng3 Rfe8 19. h3 Bxd4 20. exd4 Bf5 21. Qe3 Qf6 22. Rfd1 Rd5 23. f3 Qe6 1/2-1/2